000 01112nam a2200481Ia 4500
001 9498
003 18986
005 20241016062739.0
008 ||||||n9999 ||| || ||
041 _aspa
082 _221
_a658
100 _aHijmans, Ernest
_916213
245 0 _aPractica de la organizacion industrial
260 _aEspaña :
_bHispano Americana,
_c1961.
300 _a336p
490 _aBiblioteca de organizacion y administracion de empresas
562 _e3
650 0 _aAuditoría Fiscal
_98134
650 _aINDUSTRIA--CALDAS (COLOMBIA)--PUBLICACIONES SERIADAS
_93051
650 _aORGANIZACION DE INDUSTRIAS
_916135
942 _cBKM
942 _cBKM
999 _c9498
_d9498
526 _a102617
526 _a102618
526 _a15794
526 _a102619
526 _a102620
526 _a10406
526 _a105630
526 _a1698
526 _a116204
526 _a4969
526 _a19790
526 _a104436
526 _a5144
526 _a51868
526 _a3899
526 _a9683
526 _a
526 _a1703
526 _a1697
526 _a17598